Normal view MARC view

Entry Personal Name

Number of records used in: 1

001 - CONTROL NUMBER

  • control field: 8976

003 - CONTROL NUMBER IDENTIFIER

  • control field: DLC

005 - DATE AND TIME OF LATEST TRANSACTION

  • control field: 20220106123326.0

008 - FIXED-LENGTH DATA ELEMENTS

  • fixed length control field: 890908n| acannaab| |a aaa |||

010 ## - LIBRARY OF CONGRESS CONTROL NUMBER

  • LC control number: n 88164076

040 ## - CATALOGING SOURCE

  • Original cataloging agency: DLC
  • Transcribing agency: DLC
  • Modifying agency: DLC

100 10 - HEADING--PERSONAL NAME

  • Personal name: Robertson, J.
  • Fuller form of name: (James),
  • Dates associated with a name: 1950-

400 10 - SEE FROM TRACING--PERSONAL NAME

  • Personal name: Robertson, James,
  • Dates associated with a name: 1950-

670 ## - SOURCE DATA FOUND

  • Source citation: DNA in forensic science, 1990:
  • Information found: CIP t.p. (James Robertson, B.Sc., Ph.D., Dept. of Services and Sup., Forensic Science Centre, Adelaide, S. Aust.) data sheet (b. 05/05/50) book t.p. (J. Robertson) p. 3 of cover (James Robertson)

Powered by Koha